00448nam a22001337a 4500100003000000245009500030260004900125300000900174650001900183650001100202942000800213999001500221952007800236 aYapa Abeywardana,Maheeshi aComparison of Insoluble and Soluble Dietary Fibers of Banana from four different varieties aColombobinstitute of Chemistry Ceylonc2012 a37 p aDietary fibers aBanana cREF c3062d3062 0010708REFaICbICcREFd2016-01-19l0pD0125r2016-01-19 00:00:00yDIS